[Event "EU-ch 3rd"]
[Site "Batumi"]
[Date "2002.06.21"]
[Round "9"]
[White "Asrian, Karen"]
[Black "Guseinov, Gadir"]
[Result "1-0"]
[WhiteElo "2591"]
[BlackElo "2510"]
[Annotator "Tsesarsky,I"]
[PlyCount "71"]
[EventDate "2002.06.12"]
[EventType "swiss"]
[EventRounds "13"]
[EventCountry "GEO"]
[SourceTitle "CBM 090"]
[Source "ChessBase"]
[SourceDate "2002.09.20"]
[SourceVersion "1"]
[SourceVersionDate "2002.09.20"]
[SourceQuality "1"]

1. e4 c5 2. Nf3 Nc6 3. d4 cxd4 4. Nxd4 g6 5. c4 Bg7 6. Be3 b6 7. Nc3 Bb7 8. Be2
Nf6 9. O-O O-O 10. Nc2 $5 {White has space advantage and should avoid pieces
exchange. In other hand, Nd4 was allocated quite well.} ({Another
continuations are:} 10. Rc1) (10. Nxc6 $5 {-can be recommended.}) (10. Qd2) (
10. f3 {-mainline.}) 10... d6 (10... Rc8 11. f3 (11. b3 e6 $5 {[%cal Gd7d5]}
12. f4 $1 (12. Qd2 $6 $11 d5 13. cxd5 exd5 14. exd5 Ne7 15. d6 Ned5 16. Nxd5
Nxd5 17. Rad1 Qxd6 $11 {1/2-1/2 Saulin,D-Kalashnikov,K/Smolensk 2000/CBM 77 
(54)}) 12... d6 13. Qe1 $14) 11... Qc7 (11... Ne8 12. Qd2 $14 (12. Na3 $5 f5
13. c5 Na5 14. Nc4 (14. exf5 Rxf5 15. Bd3 Re5 16. Bd4 Rh5 17. Bxg7 Kxg7 18. b4
Nc6 19. Be4 $11 (19. Rb1 $2 Qc7 $1 $17 (19... bxc5 $2 20. bxc5 Qc7 21. f4 Rxc5
$44 {0-1 Scarella,E-Panno,O/Buenos Aires 1995/CBM 46 ext (28)}) 20. f4 Nxb4 $1
$19)) 14... Nxc4 15. Bxc4+ e6 16. Qb3 $14)) 12. Qd2 Rfd8 13. Rac1 Na5 14. Na3
d6 15. Nd5 Qd7 16. b4 Nc6 17. Nb5 e6 18. Nxf6+ Bxf6 19. Rfd1 Be7 20. a3 Ba6 21.
a4 $14 {1-0 Brunner,L-Dutschak,H/Germany 1995/GER-chT (55)}) (10... Qb8 11. f4
d6 12. Bf3 Rd8 13. Qd3 Nd7 14. b4 a5 15. a3 axb4 16. axb4 Rxa1 17. Rxa1 Rc8 18.
Ra2 Nce5 $1 19. fxe5 Nxe5 20. Qe2 Nxf3+ 21. gxf3 Bxc3 22. Bxb6 Bc6 23. Qe3 Bf6
24. Bd4 e5 25. Ba7 $132 {0-1 Fischer,M-Reich,T/Passau 1999/EXT 2000 (68)}) 11.
f3 (11. Qd2 Re8 12. f3 $14 (12. f4 Qd7 13. h3 Rad8 14. Bf3 Qc8 15. Rad1 {
[%cal Gb2b3]} (15. g4 $6 Na5 16. b3 Qa8 {[%csl Re4][%cal Ga8e4]} 17. Qd3 (17.
Rae1) 17... Nd7 18. Nd4 Nc5 19. Qc2 Nc6 20. Nxc6 Bxc6 21. Bxc5 dxc5 $17 {
0-1 Kassis,A-Tran Vinh Loc/Genting Highlands 1998/CBM 63 ext (64)}))) 11... Rc8
(11... Qb8 12. Qd2 Rd8 13. Rfd1 Rd7 14. Rac1 Qf8 15. b4 e6 16. Nb5 Rad8 17.
Ncd4 h6 18. Nxc6 Bxc6 19. Qc2 $14 {1/2-1/2 Tirard,H-Marzolo,C/FRA 1998/CBM 64
ext (56)}) 12. Qd2 Re8 (12... Qd7 13. Rad1 Rfd8 14. b3 Ne8 15. Bg5 f6 16. Bh4
$14 {1-0 Stean,M-Martin Gonzalez,A/Montilla 1977/MCD (42)}) (12... Rc7 13. Rac1
e6 14. Bg5 Rd7 15. Rfd1 Qe7 16. Qf4 Nh5 17. Bxe7 Nxf4 18. Bxf8 Bxc3 19. Bf1
Bxb2 20. Rb1 Kxf8 21. Rxb2 $14 {1/2-1/2 Nijboer,F-Quinn,M/Escaldes 1998/CBM 68
(40)}) (12... Ne5 13. b3 a6 14. Rac1 Ned7 15. Nd4 Re8 16. Rfd1 $14 {1/2-1/2
Przewoznik,J-Mazul,W/Lubniewice 1995/EXT 97 (42)}) (12... Ba6 13. Rac1 Nd7 14.
b3 f5 15. exf5 gxf5 16. f4 $14 {1-0 Nakamura,H-Adly,A/Oropesa del Mar ESP 2001/
The Week in Chess (73)}) (12... Nd7 13. Rac1 a5 14. Na3 Nc5 15. Nab5 Nb4 16.
Rfd1 Ra8 17. Bd4 Qb8 18. Bxg7 Kxg7 19. Qe3 Nba6 20. Nd5 Bxd5 21. cxd5 $14 {
[%csl Rc6][%cal Ga2a3,Gb2b4] 1-0 Lautier,J-Jonasson,B/New York 1991/CBM 23 (50)
}) 13. Rac1 Nd7 14. b3 Qc7 15. Nd5 Qb8 {Black Q allocated on b8 very passive.}
16. Kh1 Ba8 17. Bh6 $1 {White tries to exchange BB in order to weaken black
K's fortress.} Bh8 {avoiding BB exchange.} 18. Nde3 {This move's idea is
secret...Can you understand it?} (18. Rcd1 $5) 18... a6 19. Bg5 Nf6 20. Nd5 Nd7
21. Ncb4 {[%csl Re7][%cal Gb4c6,Gd5e7,Gg5e7]} Nxb4 22. Qxb4 {[%csl Re7]} Kf8
23. Qd2 a5 $2 $16 {Strategical mistake.} ({Right was} 23... e6 {in order to
repel annoying Nd5.} 24. Nb4 Nc5 25. Rfd1 {[%csl Rd6]} Be5 26. Nd3 Nxd3 (26...
Bd4 27. Ne1 Be5 28. b4 Nb7 29. Nd3 Bg7 30. Be3 Qc7 31. Qe1 $16) 27. Bxd3 Kg8
28. Be3 Qc7 29. Qf2 Rb8 30. f4 Bg7 31. f5 exf5 32. exf5 Qc6 33. Re1 $14) 24.
Qe1 {[%csl Re7,Rh7][%cal Ge1h4]} Bxd5 $6 {Nd5 is unbearable.} ({But
nevertheless more stubborn was} 24... e6 25. Ne3 Kg8 26. Qh4 Qc7 27. Rcd1 a4
28. Ng4 (28. Be7 $2 Qc5 29. Nc2 Qe5 30. Bxd6 Qb2 31. Bd3 axb3 32. axb3 Qxb3 $11
) 28... Qc5 (28... f5 29. Nh6+ Kf8 30. g4 $1 Bc6 31. gxf5 exf5 32. Nxf5 gxf5
33. Qxh7 Bg7 34. Rg1 $18) 29. Nh6+ Kg7 30. Bd3 f6 31. Bc1 $16 {[%csl Rg7][%cal
Gf3f4]}) 25. exd5 {Black can't play b6-b5. Result of a6-a5.} Bf6 ({Maybe
better was} 25... Nc5 26. Qh4 Kg8 27. f4 e6 28. dxe6 fxe6 29. Bf3 Qc7 30. g4 $1
{[%cal Gf4f5]} Rf8 (30... a4 31. f5 axb3 32. axb3 Nxb3 33. fxe6 Nxc1 34. Bd5
Bg7 35. Rf7 Qc5 36. Bf6 Rc7 37. Bxg7 $18) 31. Bg2 a4 32. f5 axb3 33. axb3 Nxb3
34. fxe6 Nxc1 35. Rf7 Rxf7 36. exf7+ Qxf7 37. Bd5 Qxd5+ 38. cxd5 Nd3 39. Be3
$16) 26. f4 $1 {White's Attack increases from itself. Black hasn't any
counterplay.} Qc7 (26... Bxg5 27. fxg5 Ne5 28. Qh4 Kg8 29. Rc3 $18 {[%cal
Gc3h3]}) 27. Qh4 Kg8 28. Bg4 Rcd8 (28... a4 29. Rce1 $18) 29. Rce1 Nf8 (29...
Bxg5 30. fxg5 Ne5 {[%tqu "En","?","","","e1e5","",10]} 31. Rxe5 $1 dxe5 32.
Rxf7 $1 $18) 30. Bxf6 exf6 31. Qxf6 Qc5 32. Re7 Rxe7 33. Qxe7 Ra8 34. f5 Qd4
35. h3 Qe5 36. Qb7 {[%csl Ra8,Rb6]} 1-0

[Event "Pula zt 1.2"]
[Site "Pula"]
[Date "2000.04.14"]
[Round "4"]
[White "Feletar, Darko"]
[Black "Golubovic, Boris"]
[Result "1-0"]
[WhiteElo "2410"]
[BlackElo "2445"]
[Annotator "Tsesarsky,I"]
[PlyCount "186"]
[EventDate "2000.04.11"]
[EventType "swiss"]
[EventRounds "11"]
[EventCountry "CRO"]
[SourceTitle "CBM 077"]
[Source "ChessBase"]
[SourceDate "2000.07.27"]
[SourceVersion "1"]
[SourceVersionDate "2000.07.27"]
[SourceQuality "1"]

1. c4 c5 2. Nf3 g6 3. d4 Bg7 4. e4 Qb6 (4... cxd4 5. Nxd4 Nc6 6. Be3 d6 7. Nc3
Nf6 8. Be2 O-O 9. O-O Bd7 10. Qd2 Nxd4 11. Bxd4 Bc6 12. f3 Qa5 {Exactly this
position was played in our game Feletar-Golubovic, but after 14...Qa5.} (12...
Nd7 {-mainline}) (12... a5 {-mainline}) 13. a3 (13. Rad1 $6 {RR must be placed
on b1-c1-d1, and White's plan is to play in the center and queenside.} Rfc8 14.
Be3 $5 {[%cal Gd1b1]} (14. f4 $2 Nxe4 15. Nxe4 Qxd2 16. Rxd2 Bxe4 $17 {
Petursson,Margeir-Gunnarsson,Gunnar K/Reykjavik (5) ;EXT 98 1976/1-0 (113)})) (
13. Rfd1 Rfd8 $6 (13... Rfc8 14. Kh1 $6 (14. Rac1 Nd7 15. Be3 Nc5 16. b3 Qb6
17. Nb5 a5 18. Rc2 Qd8 19. Bf1 Qf8 20. Nd4 h5 $14 {Espig,L-Heinemann,T/
Bundesliga 1999-2000 2000/1/2-1/2 (61) Wellknown pawn structure with another
moves order.}) (14. Rab1 Nd7 (14... Qc7 15. b4 b6 16. Rbc1 $14 {1/2-1/2 Zankl,
Thomas-Trassl,Franz/Landesliga Sued 9899 ;EXT 2000 1999 (42)}) (14... a6 15. b4
Qh5 16. Be3 $14 (16. Nd5 $6 Bxd5 17. cxd5 (17. exd5 b5 $132) 17... b5 18. Rbc1
(18. Qb2 Qh6 19. Qb3 Nd7 20. Bxg7 Qxg7 21. Qb2 $11 {1/2-1/2 Johansen-Bibas,
David/Laguna olm blind (1) ;EXT 2000 1996 (33)}) 18... Bh6 19. Be3 Bxe3+ 20.
Qxe3 Qe5 21. Bf1 Qb2 22. a3 $14)) 15. Bxg7 Kxg7 16. b4 Qb6+ 17. c5 dxc5 18. b5
$18) 14... Ne8 15. Bxg7 (15. Be3 Bxc3 $11) 15... Nxg7 16. f4 a6 17. Qe3 b5 18.
Nd5 Bxd5 19. Rxd5 Qb4 $132 {1/2-1/2 Barbero,Gerardo F-Paglilla,Carlos/ARG-ch
Buenos Aires (14) ;MCD 1985 (30)}) 14. a3 Qc7 $14 (14... Nd7 $2 15. b4 Bxd4+
16. Qxd4 Qg5 17. b5 $16 {1/2-1/2 Acosta,Alejandro-Ruiz,Alciguel/COL-ch Bogota ;
MCD 1980 (27)})) (13. Rab1 a6 (13... Rfc8 14. b4 Qd8 15. Kh1 a5 16. b5 Bd7 17.
Na4 Rab8 18. Nb6 Rc7 19. Qxa5 $16 {Dolmatov,S-Mirzoev,A/V Ubeda Open 2000/0-1 
(50)}) 14. b4 Qh5 15. a4 Rfc8 16. a5 Bd7 17. Bxf6 Bxf6 18. Nd5 $14 {1-0
Gamundi,Antonio-Bello,Joaquin/Mondariz op ;EXT 98 1996 (33)}) 13... Nd7 (13...
Rfc8 14. b4 Qd8 15. Rac1 (15. Rfc1 Bd7 16. Be3 $14) 15... b6 16. Rfd1 Qf8 17.
Be3 $14 {Filippov,Valerij-Novgorodskij,Vladimir/Petrov mem St Petersburg (1) ;
CBM 52 1996/1-0 (56)}) 14. Bxg7 Kxg7 15. b4 Qb6+ 16. c5 $16 {0-1 Ribli,
Zoltan-Nagy,E/HUN-ch ;MCL 1972 (36)}) (4... Qa5+ {-mainline}) 5. Nc3 $6 $11 (5.
dxc5 $1 $14 {-Theory - Marozi PP structure}) 5... cxd4 (5... d6 {-another
variation.}) 6. Nd5 Qd8 $6 ({Right is} 6... Qa5+ $132 7. b4 Qd8 8. Nxd4 (8. e5
Nc6 9. Bg5 h6 10. Bh4 g5 11. Bg3 e6 12. b5 exd5 13. bxc6 dxc6 14. Qxd4 Qa5+ $17
{1-0 Rodriguez,And URU-Chatalbashev,B/3rd Open Malaga ESP 2000 (33)}) 8... Nf6
(8... Nc6 9. Bb2 Nf6 10. Nxf6+ Bxf6 11. Qd2 (11. Nxc6 dxc6 12. Qxd8+ Kxd8 13.
Bxf6 exf6 $11 {1/2-1/2 Teuschler,Hugo-Kratschmer,Heinz/Graz op (6) ;EXT 97
1993 (38)}) 11... O-O 12. Be2 a5 13. a3 Bxd4 14. Bxd4 Nxd4 15. Qxd4 axb4 16.
axb4 Rxa1+ 17. Qxa1 Qb6 18. Qc3 d6 19. O-O Be6 $11) 9. Nc3 O-O 10. Be2 Nc6 11.
Nc2 d6 12. O-O Be6 13. Be3 Ne5 14. Na3 a5 $132 {Vukic,Milan-Robatsch,Karl/
AUT-chT ;EXT 97 1991/1/2-1/2 (64)}) 7. Nxd4 Nf6 8. Nc3 {The game transformed
to Marozi scheme, here is not easy for Black to equalize because of space
advantage of White.} O-O 9. Be2 Nc6 10. Be3 d6 11. O-O Bd7 12. Qd2 Nxd4 13.
Bxd4 Bc6 14. f3 Qa5 {Opening review see in comments to 4..Qb6} 15. Rac1 Rfc8
16. Rfd1 Nd7 17. Be3 $1 {In this scheme White must eliminate black squares BB
change} (17. Bxg7 Kxg7 $11) 17... Nc5 18. Bf1 (18. b3 Qb4 19. Rc2 a5 20. Nd5
$14) 18... Qb4 19. Nd5 $5 (19. b3 a5 20. Nd5 (20. Rc2 a4) 20... Qxd2 21. Rxd2
$14) 19... Qxd2 20. Rxd2 Bxd5 (20... Kf8 21. b4 Na4 22. Rdc2 a6 23. Bg5 $14)
21. cxd5 {[%cal Gb2b4]} a5 $6 $16 {[%csl Rb5][%cal Gf1b5] Black prevent b2-b4
and try to blockade on Black squares.But this plan is wrong, because Black
weakenen white squares in the Queenside} ({Better is} 21... Na4 22. Rxc8+ Rxc8
23. b3 Nb6 {[%cal Ge3a7]} 24. Bd3 Rc3 25. Kf2 Nc8 26. Rc2 $1 $14 {[%csl Gd3,
Ge3]}) 22. Rdc2 h5 23. g3 $16 {[%cal Gf1h3] Space advantage and par of BB
provide to White advantage.} Kh7 24. Kg2 {[%csl Rc5]} b6 {[%csl Rb5,Rc6]} 25.
f4 Rf8 (25... Rc7 26. Kf3 Bf6 27. b3 {[%cal Ga2a3,Gb3b4]} Kg7 28. Bh3 $16 (28.
Bb5 $16)) 26. Kf3 f5 27. exf5 Rxf5 (27... gxf5 28. Bb5 Kg6 29. b3 $16 {[%cal
Ga2a3,Gb3b4]}) 28. Ke2 Rff8 (28... Re8 29. Bg2 e5 30. dxe6 Rxe6 31. Rd1 (31.
Bh3 $2 Bd4 32. Rc3 Bxc3 33. Bxf5 gxf5 34. Rxc3 b5 $11) 31... Rf8 32. Bd5 $16)
29. b3 Bf6 30. h4 $1 {preparing f4-f5 promotion to open the game for par of BB.
} (30. Bh3 Ra7 $16) 30... Kg7 31. Bg2 Ra7 32. Rf1 Raa8 33. Kf3 Ra7 34. Bh3 Rh8
35. Kg2 Raa8 36. Rb1 Ra7 37. Kf3 {White change plan, want now to promote b3-b4
to expel Nc5 from good square} Rb8 38. Bf1 (38. a3 a4 39. b4 Nb3 40. Ke4 $16 {
[%csl Gd4]}) 38... b5 $6 {Pawn sacrifice with trying to save the game with
opponent colour Bishops.} (38... Rc7 $16 {Better was passive waiting}) (38...
Rf8 $16) 39. Bxc5 dxc5 40. Rxc5 {[%csl Rb5,Gf1,Gf6]} b4 41. Re1 a4 42. Bc4 axb3
43. Bxb3 Rd7 44. Re6 Rbd8 $6 $18 {Losing the second pawn and the game.} (44...
Rd6 45. Rxd6 exd6 46. Rc7+ $16) 45. Rb5 Rc7 (45... Bc3 46. Rbb6 $1 $18 {
[%csl Rb4,Rg6]}) 46. Rxb4 Rc3+ 47. Re3 Rdc8 48. Rbe4 (48. a4 $1 $18) 48... Rc1
49. Re1 R1c3+ 50. R4e3 Bd4 51. Rxc3 Rxc3+ 52. Kg2 Bc5 53. Re2 Bd6 54. Rc2 Rd3 (
54... Rxc2+ 55. Bxc2 Ba3 56. Kf3 Kf6 57. Bd3 Kf7 58. Ke4 Kf6 59. Bc4 Bb4 60. a4
$18) 55. Bc4 Re3 56. Re2 Rc3 (56... Rxe2+ 57. Bxe2 $18) 57. Bb5 Ra3 58. Rf2 Kf6
59. Bc4 Rc3 60. Bb3 Rd3 61. Rc2 Bb4 62. Bc4 Re3 63. Re2 Rc3 64. Bb5 Kf7 65. a4
{At last White promote free P "a"} Ra3 66. Re5 (66. Bc6 $18) 66... Bd6 67. Rg5
{[%csl Rg6]} Ra2+ 68. Kh3 (68. Kf3 Ra3+ 69. Ke4 Bc5 70. f5 $18) 68... Ra3 69.
f5 gxf5 70. Rxf5+ Kg6 71. Rg5+ Kf6 72. Be8 Bf4 73. Rg8 Bd6 74. Bxh5 {[%csl Gg3,
Gh4]} Rxa4 75. Bg4 Ra1 76. Be6 Bc5 77. Kg4 Rh1 78. Kh5 {Here was possible to
resign, Black continue to play "On inertia" .} Rh2 79. Rf8+ Ke5 80. Rf3 Ke4 81.
Rf4+ Ke5 82. Kg6 Rg2 83. Rg4 Be3 84. h5 Rf2 85. Kg7 Rh2 86. Rh4 Rg2 87. g4 Bg5
88. Rh1 Bf6+ 89. Kg6 Kd6 90. h6 Rb2 91. g5 Rg2 92. Rh5 Rg3 93. Kf5 Be5 1-0

[Event "NED-ch55"]
[Site "Rotterdam"]
[Date "2000.05.07"]
[Round "1"]
[White "De Vreugt, Dennis"]
[Black "Reinderman, Dimitri"]
[Result "1/2-1/2"]
[WhiteElo "2498"]
[BlackElo "2561"]
[Annotator "Tsesarsky,I"]
[PlyCount "82"]
[EventDate "2000.05.07"]
[EventType "tourn"]
[EventRounds "11"]
[EventCountry "NED"]
[EventCategory "12"]
[SourceTitle "CBM 077"]
[Source "ChessBase"]
[SourceDate "2000.07.27"]
[SourceVersion "1"]
[SourceVersionDate "2000.07.27"]
[SourceQuality "1"]

1. e4 c5 2. Nf3 Nc6 3. d4 cxd4 4. Nxd4 g6 5. c4 Bg7 6. Be3 Nf6 7. Nc3 O-O 8.
Be2 d6 9. O-O Bd7 10. Qd2 Nxd4 11. Bxd4 Bc6 12. f3 a5 13. b3 Nd7 14. Be3 Nc5
15. Rab1 Qb6 16. Rfc1 Rfc8 (16... Qb4 17. Rc2 Rfc8 18. Qc1 Qb6 19. Bf1 Qd8 20.
Qd2 $14 {1-0 Smejkal,Jan-Muse,Mladen/Altensteig (6) ;CBM 25 1991 (40)}) 17. Bf1
(17. Rc2 h5 (17... Qd8 18. Bf1 h5 {This P sructure was played in several games:
} 19. Ne2 (19. a3 Ne6 (19... b6 20. b4 axb4 21. axb4 Nd7 22. Qf2 Ra3 23. Nd5
Bxd5 24. exd5 Rca8 25. f4 Kh7 26. f5 Qh8 {[%csl Re3][%cal Ga3e3,Gg7d4]} 27. Kh1
Ra1 28. Rxa1 Rxa1 29. Rc1 $14 {1/2-1/2 Gara,Ticia-Paschall,William M/Budapest
FS09 IM-A (8) ;EXT 99 1998 (38)}) 20. g3 Kh7 21. Bh3 Bd7 22. Nd5 Rc6 23. Bf1
Rb8 24. b4 axb4 25. axb4 $14 {1-0 Lane,Gary W-Sokolowski,Stanislaw/Cappelle op
Cappelle la Grande ;EXT 98 1991 (53)}) (19. Rd1 Be5 20. Qf2 Ne6 21. Qe2 Nc5 22.
Qf2 Ne6 23. Nd5 Bxd5 24. Rxd5 Nc7 25. Rd1 Qe8 26. f4 Bf6 27. g3 $14 {1/2-1/2
Vukic,Milan-Todorovic,Goran N/JUG-chT Cup Becici ;EXT 2000 1994 (49)}) (19. Nd5
e6 20. Nc3 Qe7 21. Bg5 f6 22. Bf4 Bf8 23. a3 Be8 24. Be3 Kh7 25. b4 axb4 26.
axb4 Nd7 27. f4 $14 {Yakovich,Yuri-Afek,Yochanan/Pyramiden Franken Cup (9) ;
EXT 2000 1999/1-0 (60)}) 19... Kh7 20. Nd4 Qf8 21. Re1 Bd7 22. Rd1 $14 (22. Bd3
$6 Qh8 23. Bf1 Ne6 24. Nxe6 (24. Ne2 b5 25. c5 Ra6 $132) 24... Bxe6 25. a4 Rc6
$11 {0-1 Hirsch,Stefan-Sokolowski,Stanislaw/Dortmund op (6) ;EXT 97 1986 (35)})
) 18. Bf1 Qd8 {Moves order may be various} 19. Qe1 Qf8 {[%cal Gg7h6,Gg8h7]} 20.
Rd1 Bf6 21. Kh1 Qg7 22. Bf2 Nd7 23. Nd5 Bxd5 24. Rxd5 Nc5 25. g3 $14 {Horvath,
Jozsef-Reeh,Oliver/Budapest Kasparov (13) ;CBM 24 ext 1991/1/2-1/2 (67)}) 17...
Qd8 (17... Qb4 {Another plan is} 18. Qb2 (18. Rc2 a4 19. Nd5 Qxd2 20. Bxd2 axb3
21. axb3 Bd4+ 22. Be3 Bxe3+ 23. Nxe3 Nxe4 $1 $15 (23... Ra3 $2 24. Rcb2 $11 {
1/2-1/2 Cerisier,Philippe-Daillet,Emmanuel/FRA-ch Acc Montpellier (5) ;EXT 99
1991 (48)})) (18. Nd5 Bxd5 (18... Qxd2 19. Bxd2 Bd4+ 20. Kh1 Bxd5 21. cxd5 e5
22. dxe6 fxe6 23. Bc4 Kf7 24. Rd1 Be5 25. Be3 $14 {0-1 Garza Marco,S-Mate Adan,
C/ch-ESP (team) Div 2 1999 (42)}) 19. cxd5 Rcb8 20. Kh1 Qxd2 21. Bxd2 b5 22.
Be3 Na6 23. Bd2 Nc5 24. Be3 Na6 25. a3 b4 26. a4 (26. Bxa6 bxa3 (26... Rxa6 27.
a4 Bc3 28. Rc2 $14 {[%csl Ra5,Rb4]}) 27. Bc4 $16) 26... Bc3 27. Bxa6 Rxa6 28.
g4 $14 {1/2-1/2 De la Villa Garcia,Jesus Maria-Spangenberg,Hugo/Sevilla op (7)
;TD 1994 (37)}) 18... Qb6 19. Qf2 (19. Qd2 Qd8 20. Nd1 Qf8 21. Nf2 h5 22. Nd3
Kh7 23. Re1 Bh6 24. e5 Nxd3 25. Bxd3 dxe5 26. Bxh6 Qxh6 27. Qxh6+ Kxh6 28. Rxe5
Rd8 $11 {1/2-1/2 De la Villa Garcia,Jesus Maria-Andersson,Ulf/San Sebastian op
(4) ;TD 1994 (48)}) 19... h5 20. Rc2 Qd8 21. Rd1 b6 22. h3 Ra7 23. g4 hxg4 24.
hxg4 e6 25. Ne2 Rd7 26. Nd4 $14 {Olafsson,Helgi-Larsen,Bent/Hastings9091 ;CBM
22 1990/1/2-1/2 (58)}) 18. Nd1 {Another continuation are:} (18. Qf2 Qf8 (18...
b6 19. a3 Ra7 20. b4 axb4 21. axb4 Nd7 22. Nd5 Rb8 23. Rc2 Ba4 24. Rcc1 Bc6 25.
Bg5 Nf8 26. Rd1 Ne6 27. Be3 $14 {1-0 Bragin,A-Basyrov/RUS-chT Podolsk ;EXT 98
1993 (47)}) 19. a3 e6 20. b4 axb4 21. axb4 Na4 22. Ne2 f5 23. exf5 gxf5 24. Nd4
f4 25. Bd2 Bd7 26. Bd3 Be5 27. Be4 Qf6 28. Ne2 Bc6 $132 {Vogt,Lothar-Troyke,
Christian/Bundesliga 9394 ;GER-chT 1994/0-1 (54)}) (18. Nd5 $1 {may be
recommended! Nd5 is very strong and Black can 1.Immediately change the N :
Bd5+/= 2.Immediately to play e7-e6, but it weakenen Pd6 3.To wait with the
first and second variations, but in this case Nd5 is very strong.} Bxd5 (18...
e6 19. Nc3 b6 20. Bg5 Qf8 21. Rd1 h5 22. Ne2 f6 23. Bf4 e5 24. Be3 $16 {
1-0 Ginsburg,Gennadij-Veremeichik,Vladimir/Minsk op (6) ;EXT 97 1994 (44)}) 19.
exd5 $14) (18. Ne2 $6 b5 19. cxb5 Bxb5 20. Nd4 Bxf1 21. Kxf1 Qb6 22. Rc4 Qa6
23. Qe2 Rc7 24. Rbc1 $15 {Toth,Andras-Stillger,Bernhard/Budapest FS05 IM (11) ;
EXT 98 1997/0-1 (78)}) (18. Nb5 $5 h5 (18... Bxb5 19. cxb5 $14 {[%cal Gf1c4]})
19. Nd4 Kh7 20. h3 h4 21. Qf2 e5 22. Nxc6 Rxc6 23. Rd1 $14 {[%cal Gd1d6] 1/2-1/
2 Toth,Andras-Paschall,William M/Budapest FS11 IM-A (7) ;CBM 61 ext 1997 (37)})
18... h5 {The main idea of this variation is to play Qf8 and Bh6 or Kh7, Qh8
and to play on the big diagonal a1-h8. Therefore, in my opinion, White have
slight advantage.} (18... Qf8 19. Nf2 Rd8 20. Rc2 $14 (20. a3 $2 a4 21. bxa4
Rxa4 $15 {[%csl Ra3,Rc4] Rendle,Thomas-Efimenko,Zahar/Wch U14 Oropesa del Mar 
(2) ;CBM 72 ext 1999/0-1 (68)}) (20. Rd1)) 19. Nf2 Kh7 20. Rc2 Qf8 (20... Qh8 {
[%cal Gh8a1]} 21. Nh3 {[%csl Rh7][%cal Gh3g5]} Ne6 22. Rd1 $14) 21. Nh3 Bh6 22.
Ng5+ Kg8 23. a3 f6 24. b4 $2 {[%mdl 8192]} ({was keep an advantage} 24. Nh3
Bxe3+ 25. Qxe3 e5 $5 {[%csl Gf4,Rh3]} 26. Nf2 Ne6 27. Rd2 Nd4 28. Rbd1 $14 (28.
Rxd4 $5 exd4 29. Qxd4 $14 {[%cal Gb1d1]}) 28... Rd8 29. f4 Rac8 30. g3 $14 {
[%csl Rd4][%cal Gf1h3,Gd2d4]}) 24... axb4 25. axb4 Bxg5 26. Bxg5 Nxe4 $1 {
Of course, White missed this strong intermediate move.} 27. fxe4 fxg5 28. e5 $2
$17 ({Good was} 28. Qxg5 Bxe4 29. Rf2 Qxf2+ (29... Qg7 30. Re1 $18 {[%csl Re7]
[%cal Ge1e7]}) 30. Kxf2 Bxb1 31. Qd5+ (31. Qxe7 $4 Rf8+ 32. Kg1 (32. Ke1 Rae8
$19) 32... Bd3 $3 $19) 31... Kf8 32. Qxb7 Bf5 33. b5 Ra2+ 34. Kg3 Rca8 35. Kh4
$132) 28... g4 $2 $11 ({Why not} 28... dxe5 $1 29. Qxg5 (29. Re1 Qf5 $17) 29...
Qf5 30. Qxf5 (30. Qc1 Rf8 $17) 30... gxf5 31. Re1 Be4 $17) 29. Bd3 (29. exd6
exd6 30. Rd1 Be4 31. Bd3 Bxd3 32. Qxd3 Qf5 $11) 29... Qg7 (29... dxe5 30. Bxg6
Qg7 31. Qd3 (31. Bxh5 Be4 32. Rf1 Bxc2 33. Bf7+ Kh8 34. Qxc2 Rf8 35. Qf5 Ra6
$17) 31... Rf8 (31... h4 $44) 32. Bxh5 Qg5 33. Qg6+ Qxg6 34. Bxg6 Kg7 $132) 30.
b5 Bd7 31. Re1 Rc5 32. exd6 exd6 (32... Qd4+ 33. Kh1 Qxd6 34. Be4 Bf5 35. Bxb7
Rb8 $132) 33. Be4 Bf5 {Black have pawn over, but the game is equal.} 34. Bd5+ (
34. Bxf5 Rxf5 35. Qxd6 Raf8 36. Rce2 Qf7 37. Qe6 Rc5 $11) 34... Kh7 35. Rc3 Rc7
(35... Ra2 36. Qxa2 Qxc3 $44) 36. Rce3 Ra1 37. b6 Rd7 (37... Rxe1+ 38. Qxe1 Rd7
$44) 38. Rxa1 Qxa1+ 39. Re1 Qf6 40. Qe3 Rg7 41. g3 Rd7 $44 1/2-1/2